00458 2200169 4500001002100000008004100021035002000062245007300082100001600155260003100171300001200202020002200214084001400236082000800250650001200258990001800270INLIS000000000000497 ind  a0010-0724000497 aArya Wirasaba Cerita Rakyat Dari Banyumas (Jawa Tengah)cRifai Yahya aRifai Yahya aSurabayabTiara Aksac2008 a38 hlm. a978-979-012-104-1 a398 RIF a a398 aFolklor aP29/CP/24/497